000 00590cam a2200205 4500500
005 20260405003605.0
041 _afre
042 _adc
100 1 0 _aLarmagnac-Matheron, Octave
_eauthor
245 0 0 _a“90 %”
260 _c2022.
500 _a52
690 _aInfox
690 _aIntelligence Artificielle
690 _aMachine
690 _aSécurité
690 _aVérité
786 0 _nPhilosophie magazine | 164 | 11 | 2022-11-01 | p. 9-9 | 1951-1787
856 4 1 _uhttps://shs.cairn.info/magazine-philosophie-magazine-2022-11-page-9?lang=fr&redirect-ssocas=7080
999 _c2069049
_d2069049